| 000 | 00378nam a22001337a 4500 | ||
|---|---|---|---|
| 003 | NUST-PNEC | ||
| 005 | 20170114142547.0 | ||
| 008 | 140717b xxu||||| |||| 00| 0 eng d | ||
| 040 | _cPNEC | ||
| 100 |
_9212 _aVirtual University of Pakistan |
||
| 245 |
_aOperation Research Handout (MTH 601) - Lecture Notes (VU) _cVirtual University of Pakistan |
||
| 650 | _xMIS | ||
| 942 |
_2ddc _cBK |
||
| 999 |
_c60224 _d60224 |
||